Регионална библиотека "Любен Каравелов" - Русе

Вариации на тему В. Моцарта (Запис номер 352844)

MARC детайли
000 -Лидер
Контролно поле с фиксирана дължина 01027ncm a2200301 c 4500
003 - Код на организацията, давaща контролен номер
Контролно поле BLK
005 - Дата и час на последна редакция
Контролно поле 20250127155136.0
008 - Елементи от данни с фиксирана дължина
fixed length control field 180414b bul |a|er|||| |0| c|bulo|
010 ## - Наследен системен номер
LC control number NOT00000716000
040 ## - Източник на каталожния запис
Идентификатор на билиотеката - собственик на записа BLK
041 ## - Код за език
Код за езика на текст/звукозапис или на отделно заглавие Руски
Код за езика КДБФ Руски
080 ## - УДК
Текстов определител УДК Валдхорна
УДК код - определител по УДК 788.42
УДК определител 788.42
100 ## - Редна дума - Автор
Автор Асафьев, Борис Владимирович
Авторска отговорност първи автор
R(LIN) 1299
139 ## - Редно поле
Редна дума Асафьев, Борис Владимирович
Авторски знак Ас - А 92
245 ## - Сведения за заглавието
Заглавие Вариации на тему В. Моцарта
Подзаглавни данни для валторны и фортепиано
Редно поле (дума) Борис Асафьев
257 ## - Страна на издаване
Страна на създаване/издаване Русия
260 ## - Област на издателските данни
Име на издателя, разпространителя и проч. Музыка
9 (RLIN) 402764
Място на издаване, разпространение и проч. Москва
Година на издаване 1983
300 ## - Физическа характеристика
Размери/Мащаб 29 см
Страници 20 с
Съпровождащи материали 1 бр. щим
380 ## - Жанр
Жанр Изкуство
650 #0 - Допълнително описание по предмет – тема
Основно описание – тема или топоним Дуо - валдхорна и пиано
9 (RLIN) 353802
653 ## - Ключова дума – ненормативна
Ключова дума концерти
852 ## - Местоположение
Форматна сигнатура Цб М ІІ 8911
Систематично-азбучна сигнатура 788/А 92 Б
856 4# - Електронен адрес и достъп
Електронен формат pdf - файл
Път до файла /url/
856 4# - Електронен адрес и достъп
Електронен формат pdf - файл
Път до файла /url/
999 ## - СИСТЕМНИ КОНТРОЛНИ НОМЕРА
Koha biblionumber 352844
Koha biblioitemnumber 352844
942 ## - АРТИКУЛИ
Вид на библиотечния материал Нотни издания
Скрит в OPAC Не
Периодичен библиозапис Да
944 ## - СЪЗДАВАНЕ И РЕДАКЦИЯ на ЗАПИСА
Създаване/Редакция Създаване
Дата на регистрацията/редакция 2020-04-09
Служител, извършил регистрацията/редакцията 30560
Статус, дата на статуса Геновева Генчева
999 ## - СИСТЕМНИ КОНТРОЛНИ НОМЕРА
Koha biblioitemnumber 352844
Наличности
Код за отписване Код за изгубен артикул Източник на класификационната схема Код за повреда Коз за рестрикции Код за отдаване Артикулен № Име на библиотеката - собственик Име на библиотеката, в която се намира в момента Статус (Текущо местоположение) Дата на вписване в системата Местоположение - отдел Цена в лева Инвентарен номер Систематично азбучна сигнатура Баркод Цена в евро Служебен тип на артикула
  Не е изгубен Universal Decimal Classification Не е повреден без рестрикции заемане за дома 760105 Регионална библиотека "Любен Каравелов" Русе Регионална библиотека "Любен Каравелов" Русе Отдел Изкуство - подръчен фонд 2020-04-09 Отдел Изкуство - подръчен фонд 0.28 376180 788/А 92 Б 120000376180 0.14 Нотни издания
Изтеглен Не е изгубен Universal Decimal Classification Не е повреден   заемане за дома 760190 Регионална библиотека "Любен Каравелов" Русе Регионална библиотека "Любен Каравелов" Русе Отдел Изкуство - подръчен фонд 2020-04-09 Отдел Изкуство - подръчен фонд 0.28 376256 788/А 92 Б 120000376256 0.14 Нотни издания
  Не е изгубен Universal Decimal Classification Не е повреден само за читалня ползва се в читалня 775131 Регионална библиотека "Любен Каравелов" Русе Регионална библиотека "Любен Каравелов" Русе Хранилище 2020-06-09 Основен фонд - ползва се само за читалня 0.28 376257 Цб М II 8911 900000019373 0.14 Нотни издания
Vip Innovations Ltd, Rousse, Bulgaria 2025